00272nam a2200121Ia 4500003000400000005001700004008004100021020000800062040002000070100001700090245002500107260001800132OSt20240311111619.0170524s9999 xx 000 0 und d aNIL cIIMT UNIVERSITY aGUPTA- P. K. 0aANUPARUKAT YANTREEKI bM. NGR: ASIAN